000 01033nam2a22002531 4500
001 rc\986916
005 20250622110458.0
035 _a(NLR Aleph) 006255577
090 _a6795734
_c6795734
100 _a20041129d1983 |||y0rusy50 ca
101 0 _arus
102 _aRU
105 _aa |||||||||
200 1 _aСтихи и поэмы
210 _d1983
_aБ. м.
215 _a558 с., 8 л. цв. ил.
_cил.
300 _aИзд. выходит с 1981 г.
461 0 _1001rc\986913
_12001#$aСобрание сочинений$eВ 4 т.$fАгния Барто$g[Отв. ред. Л. Левин$gПредисл. С. Баруздина]$vТ. 3
_1700#1$aБарто$bА. Л.$f1906-1981$gАгния Львовна$3RU\NLR\AUTH\771526$4070
_96795707
_aБарто, А. Л. (1906-1981)
_cМ.
_d1981-
_fАгния Барто
_nХудож. лит.
_oВ 4 т.
_tСобрание сочинений
_vТ. 3
801 0 _aRU
_bNLR
_gpsbo
801 1 _aRU
_bELAR
_2rusmarc
852 _aNLR
_j82-3/2719
942 _cBOOK
980 _aNB